000 01473cam a2200409 a 4500
001 22232
003 VRT
005 20260323141602.0
008 240314s2011 xo e 000 f slo
015 _aSNBA2011/09-05156
020 _a9788022015622
_q(viaz.)
035 _a155D19DD-69D9-481D-880F-00855CC51355
035 _aurn:nbn:sk:snk-amjiam
035 _aurn:nbn:sk:snk-am002grn
039 9 _a202411270519
_bAUTHORITY
_c202406222136
_dcsnk01
_c202406221203
_dcsnk01
_c202403140935
_dVLOAD
040 _aSNK
_bslo
_cSNK
_eAACR2
041 1 _aslo
_heng
044 _axo
_cSK
072 7 _a821.111-3
_xAnglická próza
_2konspekt
080 _a821.111-31
_22001
080 _a(0:82-31)
_22001
100 1 _aBradford, Barbara Taylor,
_d1933-2024
_4aut
240 1 0 _aPlaying the game
_lSlovensky
245 1 0 _aÚklady a láska
_cBarbara Taylor Bradfordová ; z anglického originálu Playing the game ... preložila Nina Mikušová
250 _a[1. vyd]
260 _aBratislava
_bSlovenský spisovateľ
_c2011
300 _a350 s.
_c21 cm
655 7 _aanglické romány
_2SNKPH
655 7 _aEnglish fiction
_2SNKPHeng
700 1 _aMikušová, Nina
_4trl
942 _2ddc
_cKLDO
_n0
949 _6270001000384376
_asvkbbA 131993
_bsvkbbm 719884
949 _617A0718340
_asnkSC 146808
_bsnk2011/19662
_o1709/11
949 _617A0876312
_asnkSC 146808 D1
_bsnk2012/2353
_o1709/11
999 _c22232
_d22232